| 000 | 00370nam a22001457a 4500 | ||
|---|---|---|---|
| 020 | _qPB. | ||
| 040 | _cFIZZA ISHAQ | ||
| 082 |
_a150 _bCHA |
||
| 100 |
_aMORRIS,G.CHARLES. _9130471 |
||
| 245 |
_aUNDERSTANDING PSYCHOLOGY / _cCHARLES G.MORRIS. |
||
| 250 | _a3RD ED. | ||
| 260 |
_aNEW YORK ; _bPRENTICE HALL, _c1996. |
||
| 300 |
_a348 P. ; _c11.2X8.8IN |
||
| 942 |
_2ddc _cBK |
||
| 999 |
_c616796 _d616796 |
||